banner-ar

فضائل مصر المحروسة / (Record no. 32792)

MARC details
000 -الفاتح
حقل البيانات ثابتة الطول 01041nam a2200277Ia 4500
005 - وقت وتاريخ اخر تعامل مع التسجيلة
رقم الضبط 20240530102518.0
008 - عناصر البيانات ثابتة الطول - معلومات عامة
حقل البيانات ثابتة الطول 140319s1997 ua f b 000 0 ara d
017 ## - رقم الايداع القانونى
رقم الايداع القانونى 97/2663
المصدر ( الهيئة المختصة) مصر. دار الكتب
020 ## - الرقم الدولى المعيارى للكتب
الرقم الدولى المعيارى للكتاب 9775046319
040 ## - مصدر الفهرسة
وكالة الفهرسة الأصلية GCL /
وكالة النسخ GCL
082 04 - رقم تصنيف ديوى العشرى
رقم الطبعة 21
رقم التصنيف 953.0737/
رقم المادة ق/ك ف
100 1# - المدخل الرئيسى - إسم شخصى
الإسم الشخصى ابن الكندى
245 10 - بيان العنوان
العنوان فضائل مصر المحروسة /
بيان المسئوليه,etc ابن الكندى، عمر بن محمد بن يوسف ؛ تحقيق على محمد عمر
250 ## - بيان الطبعة
بيان الطبعة الاولى
260 ## - PUBLICATION, DISTRIBUTION, ETC. (IMPRINT)
تاريخ النشر أو التوزيع 1997
300 ## - الوصف المادى
التعداد 77 ص ؛
أبعاد الوعاء 24 سم
504 ## - تبصرة ببليوجرافية
تبصرة ببليوجرافية,الخ يشتمل على ارجاعات ببليوجرافية
650 07 - المدخل الاضافى بالموضوع-مصطلح موضوعى
مصدر الرأس أو المصطلح qrmak
مصطلح موضوعي الحضارة
650 07 - المدخل الاضافى بالموضوع-مصطلح موضوعى
مصدر الرأس أو المصطلح qrmak
مصطلح موضوعي التاريخ الاسلامى
650 07 - المدخل الاضافى بالموضوع-مصطلح موضوعى
مصدر الرأس أو المصطلح qrmak
مصطلح موضوعي الاسلام
التقسيم الفرعي العام تاريخ
650 07 - المدخل الاضافى بالموضوع-مصطلح موضوعى
مصدر الرأس أو المصطلح تاريخ
مصطلح موضوعي الدولة الاخشيدية
700 #0 - المدخل الاضافى - اسم شخصى
الإسم الشخصى على محمد عمر
الدور محقق
700 #0 - المدخل الاضافى - اسم شخصى
الإسم الشخصى عمر بن محمد بن يوسف
الدور مؤلف مشارك
942 ## - عناصر المدخل الإضافي( كوها)
مصدر التصنيف او مخطط الترفيف Dewey Decimal Classification
Koha [default] item type كتاب
260 ## - PUBLICATION, DISTRIBUTION, ETC. (IMPRINT)
-- القاهرة :
-- مكتبة الخانجى ،
Holdings
حالة التراجع حالة الفقد حالة تلف ليس للاعارة المكان المؤقت الموقع الحالى تاريخ الاكتساب اجمالي اﻻعارات رقم الطلب الباركود تاريخ اخر مشاهدة تاريخ تفعيل السعر نوع وعاء كوها
        مكتبة القاهرة الكبرى مكتبة القاهرة الكبرى 03/26/2014   953.0737 ق/ك ف 77300 03/26/2014 03/26/2014 كتاب
        مكتبة القاهرة الكبرى مكتبة القاهرة الكبرى 03/26/2014   953.0737 ق/ك ف 77301 03/26/2014 03/26/2014 كتاب
        مكتبة القاهرة الكبرى مكتبة القاهرة الكبرى 03/26/2014   953.0737 ق/ك ف 77302 03/26/2014 03/26/2014 كتاب

Powered By

EGPV